Hyborian Age (Conan the Barbarian) on a Map - Statistics

General Stats
  • This quiz has been taken 19 times
  • The average score is 11 of 47
Answers on the Map
Answers color-coded by a green-red scale on the quiz's map according to % correct below.
 
Answer Stats
Kingdom(s) % Correct
Cimmeria
100%
Aquilonia
86%
Asgard
71%
Hyperborea
71%
Stygia
71%
Black
43%
Kush
43%
Lemuria
43%
Pictland
43%
Shem
43%
Vanaheim
43%
Zingara
43%
Border Kingdoms
29%
Corinthia
29%
Hyrkania
29%
Khitai
29%
Land of No Return
29%
Nemedia
29%
Turan
29%
Zamora
29%
Amazon
14%
Argos
14%
Brythunia
14%
Drujistan
14%
Iranistan
14%
Juma's Kingdom
14%
Koth
14%
Kusan
14%
Meru
14%
Ophir
14%
Suba
14%
Vendhya
14%
Zembabwe
14%
Atlata
0%
Darfar
0%
Ghulistan
0%
Kambuja
0%
Keshan
0%
Khauran
0%
Khoraja
0%
Komara
0%
Kordafan
0%
Kosala
0%
Pathenia
0%
Punt
0%
Uttara Kuru
0%
Wadai
0%
No matching quizzes found
Score Distribution
Percent of People with Each Score
Percentile by Number Answered
Your Score History
You have not taken this quiz